LEADER 01026nam0 2200301 450 001 000023186 005 20090218131408.0 010 $a88-430-1348-3 100 $a20090218d1999----km-y0itay50------ba 101 1 $aita$ceng 102 $aIT 105 $aa-------001yy 200 1 $aOltre il meridionalismo$enuove prospettive sul Mezzogiorno d'Italia$fa cura di Robert Lumley e Jonathan Morris 210 $aRoma$cCarocci$d1999 215 $a196 p.$cill.$d22 cm 225 2 $aArgomenti$v19 410 0$12001$aArgomenti 500 10$a<>new history of the Italian South$m$960139 610 1 $aItalia meridionale$a1860-1900 610 1 $aItalia meridionale$aSviluppo economico 676 $a945.7084$v21$9Storia. Italia meridionale. 1861-1900 702 1$aLumley,$bRobert$4070 702 1$aMorris,$bJonathan$4070 801 0$aIT$bUNIPARTHENOPE$c20090218$gRICA$2UNIMARC 912 $a000023186 951 $a123/77$b9066$cNAVA2 996 $aNew history of the Italian South$960139 997 $aUNIPARTHENOPE